000 02345nam a2200421 a 4500
003 CO-ViMGA
005 20230915233135.0
008 141226s2014 ag a jr 0011j spa d
020 _a9789581414543
040 _aCO-ViMGA
_bspa
_cCO-ViMGA
090 _aC CUEC
245 0 0 _aCuentos goticos
_bantologia, volumen 1
_ctraducidos e intervenidos en Actitud Larsen por Luis Heran Rodriguez Felder
250 _aEdicion especial para El Ministerio de Cultura, Biblioteca Nacional de Colombia
260 _aBogota
_bPlaza & Janš
_c2015
300 _a188 pg̀inas
_bilustraciones
_c20 cm
490 1 _aClasicos
_v28
505 0 0 _aEl extraño / H.P. Lovecraft -- Berenica / Edgar Allan Poe -- Aceite de perro / Ambrose Bierce -- El ladron̤ de cadaveres / Robert Louis Stevenson / Una noche espantosa -- Anton Chejov -- La mendiga de Locarno / Heinrich Von Kleiste -- Diplomacia / Lafcadio Hearn -- La casa embrujada / Catherine Crowe -- Historia de un muerto contada por el mismo / Alexandre Dumas -- La aventura del estudiante aleman / Washington Irving -- Un fantasma / Guy de Maupassant -- La ventana abierta / SAKI -- Confesion̤ encontrada en una prision̤ de la epoca de Carlos II / Charles Dickens -- El aparecido / Donatien de Sade
650 1 4 _aCuentos de fantasmas
_2LEMB
_vColecciones
_924789
650 1 4 _aCuentos de terror
_2LEMB
_vColecciones
_924788
650 1 4 _aCuentos fants̀ticos
_2LEMB
_vColecciones
_940352
650 1 4 _aFantasmas en la literatura
_2LEMB
_923875
700 1 0 _aBierce, Ambrose Gwinnet
_d1842-1914
_94347
700 1 0 _aChǰov, Anton Pavlovich
_d1860-1904
_916717
700 1 0 _aCrowe, Catherine
_924771
700 1 0 _aDickens, Charles
_d1812-1870
_910934
700 1 0 _aDumas, Alexandre
_d1824-1895
_924772
700 1 0 _aIrving, Washington
_d1783-1859
_940354
700 1 0 _aKleist, Heinrich Von
_d1777-1811
_924769
700 1 0 _aLafcadio, Hearn
_d1850-1904
_924770
700 1 0 _aLovecraft, Howard Phillips
_d1890-1937
_924765
700 1 0 _aMaupassant, Guy de
_d1850-1893
_940355
700 1 0 _aPoe, Edgar Allan
_d1809-1848
_924768
700 1 0 _aRodriguez Felder, Luis Heran
_etraductor
_940353
700 1 0 _aSade, Donatien Alphonse Francois,Conde, llamado Marquez de
_d1740-1814
_924779
700 1 0 _aSaki, 1870-1916
_99030
700 1 0 _aStevenson, Robert Louis
_d1850-1894
_92800
942 _2ddc
_cBK
999 _c4067
_d4067